| 000 | 00637npc a2200217Ia 4500 | ||
|---|---|---|---|
| 001 | dg21-1314 [d000001276] | ||
| 003 | IT-MiCISF | ||
| 008 | 161014s9999||||xx | und|| | ||
| 040 |
_aIT-MiCISF _cIT-MiCISF |
||
| 041 | _afr | ||
| 100 | _aErhel Catherine | ||
| 240 | _aAvortement: le tabou irlandais | ||
| 245 | 0 | _aAvortement: le tabou irlandais | |
| 250 | _a1a ed. | ||
| 260 |
_a Parigi _bL'etat de l'Europe, Edition La decouverte, Parigi _c1992 |
||
| 300 | _app. 82-83 | ||
| 500 | _aFeron F., Thoraval A. / aborto, aborto-clandestino, legislazione / | ||
| 650 | _aaborto | ||
| 942 | _cDD | ||
| 957 | _71 | ||
| 999 |
_a1314 _bsi _g1 _c207747 _d207747 |
||